[Event "Bangabandhu-chT"]
[Site "Dhaka"]
[Date "2024.02.07"]
[Round "7.1"]
[White "Alekhya, Mukhopadhyay"]
[Black "Mohammad, Minhaz Uddin"]
[Result "0-1"]
[WhiteElo "2177"]
[BlackElo "2240"]
[PlyCount "195"]
[EventDate "2024.02.01"]
[EventType "team-tourn"]
[EventRounds "11"]
[EventCountry "BAN"]
[SourceTitle "CB07_2024"]
[SourceDate "2024.02.14"]
[SourceVersion "1"]
[SourceVersionDate "2024.02.14"]
[SourceQuality "1"]
[WhiteTeam "Uttara Central CC"]
[BlackTeam "Bangladesh Navy"]
[WhiteTeamCountry "BAN"]
[BlackTeamCountry "BAN"]

1. e4 e5 2. Nf3 Nf6 3. Nxe5 d6 4. Nf3 Nxe4 5. d4 d5 6. Bd3 Nc6 7. 0-0 Be7 8. c4 Nb4 9. Be2 0-0 10. Nc3 Bf5 11. a3 Nxc3 12. bxc3 Nc6 13. Re1 Re8 14. cxd5 Qxd5 15. Bf4 Rac8 16. h3 Bd6 17. c4 Qe4 18. Be3 Qc2 19. c5 Be7 20. d5 Nb8 21. g4 Bg6 22. d6 cxd6 23. cxd6 Bf6 24. Rc1 Qxd1 25. Rcxd1 Red8 26. Bxa7 Bc3 27. Rf1 Nd7 28. Nd4 Ra8 29. Nb5 Bb2 30. Bf3 Bc2 31. Rd2 Ba4 32. Rxb2 Bxb5 33. Rxb5 Rxa7 34. Ra1 b6 35. Bc6 Ra6 36. Re1 Kf8 37. Rb3 g5 38. Rf3 Ra5 39. Rfe3 Rc5 40. Bg2 Nf6 41. Rd1 Nd7 42. Re7 Re5 43. Rxe5 Nxe5 44. Rd4 Ke8 45. Be4 h6 46. Kf1 Rc8 47. Rd5 Nd7 48. Ke2 Nf6 49. Bf5 Rc2+ 50. Rd2 Rxd2+ 51. Kxd2 Kd8 52. Kc3 Ne8 53. d7 Nd6 54. Kd4 Nxf5+ 55. gxf5 Kxd7 56. Ke5 Ke7 57. Kd5 Kd7 58. Ke5 Ke7 59. f6+ Kd7 60. Kd5 Kc7 61. Ke5 Kd7 62. f3 Kc6 63. f4 gxf4 64. Kxf4 Kd5 65. Kg4 Ke5 66. Kh5 Kxf6 67. Kxh6 Ke5 68. h4 f5 69. Kg6 f4 70. h5 f3 71. h6 f2 72. h7 f1Q 73. h8Q+ Kd6 74. Qd8+ Kc6 75. Qe8+ Kc5 76. Qe5+ Kc4 77. Qe4+ Kb5 78. a4+ Ka5 79. Qa8+ Kb4 80. Qc6 Qd3+ 81. Kg5 Qe3+ 82. Kg4 Qc5 83. Qd7 Ka3 84. Kf3 Qc3+ 85. Ke2 Qc2+ 86. Ke3 Qxa4 87. Qe7+ Qb4 88. Qa7+ Kb2 89. Ke2 b5 90. Qd7 Qc4+ 91. Kf3 Qc3+ 92. Kg4 b4 93. Qd1 Qc4+ 94. Kh5 Qc5+ 95. Kh4 b3 96. Qe2+ Kc3 97. Qe1+ Kc2 98. Qd2+ 0-1

[Event "IND-ch U19"]
[Site "Ahmedabad"]
[Date "2023.09.25"]
[Round "8"]
[White "Alekhya, Mukhopadhyay"]
[Black "Lad, Mandar Pradip"]
[Result "1-0"]
[WhiteElo "2149"]
[BlackElo "1959"]
[PlyCount "111"]
[EventDate "2023.09.20"]
[EventType "swiss"]
[EventRounds "11"]
[EventCountry "IND"]
[SourceTitle "EXT 2024"]
[Source "ChessBase"]
[SourceDate "2023.10.10"]
[SourceVersion "1"]
[SourceVersionDate "2023.10.10"]
[SourceQuality "1"]

1. e4 c5 2. Nf3 d6 3. d4 cxd4 4. Nxd4 Nf6 5. Nc3 a6 6. Bg5 e6 7. f4 h6 8. Bh4 Qb6 9. a3 Nc6 10. Bf2 Qc7 11. Qf3 Be7 12. 0-0-0 0-0 13. g4 Nxd4 14. Bxd4 e5 15. fxe5 dxe5 16. Qg3 Bd6 17. Be3 Bxa3 18. Bxh6 Bb4 19. Qh4 Bxc3 20. Bxg7 Bxb2+ 21. Kb1 Nh7 22. Bxf8 Bd4 23. Rxd4 exd4 24. Be7 Qb6+ 25. Kc1 d3 26. Bxd3 Qe3+ 27. Kb2 Qb6+ 28. Kc3 Qa5+ 29. Kd4 Be6 30. Qh5 Qd2 31. e5 Qf2+ 32. Ke4 Re8 33. Rf1 Qd2 34. Kd4 Nf8 35. Qg5+ Qxg5 36. Bxg5 Bxg4 37. Rg1 Bh5 38. Bf6+ Bg6 39. h4 Kh7 40. h5 Bxd3 41. cxd3 Kh6 42. Ke4 Nd7 43. Kf5 Nxf6 44. Kxf6 Kxh5 45. d4 Rd8 46. Rd1 Rd7 47. d5 Kg4 48. d6 b5 49. e6 fxe6 50. Kxe6 Rd8 51. Ke7 Rh8 52. d7 b4 53. Rd4+ Kf3 54. Rxb4 Rh7+ 55. Kd6 Rh8 56. Kc7 1-0

[Event "Asia-ch U20"]
[Site "Jamshedpur"]
[Date "2023.09.12"]
[Round "5"]
[White "Rohit, Krishna S"]
[Black "Alekhya, Mukhopadhyay"]
[Result "1-0"]
[WhiteElo "2429"]
[BlackElo "2149"]
[PlyCount "67"]
[EventDate "2023.09.09"]
[EventType "swiss"]
[EventRounds "9"]
[EventCountry "IND"]
[SourceTitle "EXT 2024"]
[Source "ChessBase"]
[SourceDate "2023.10.10"]
[SourceVersion "1"]
[SourceVersionDate "2023.10.10"]
[SourceQuality "1"]

1. d4 Nf6 2. c4 g6 3. Nf3 Bg7 4. g3 0-0 5. Bg2 d6 6. 0-0 Bf5 7. Nh4 Be4 8. f3 Bc6 9. Nc3 e5 10. d5 Bd7 11. f4 exf4 12. Bxf4 Nh5 13. Be3 f5 14. Bd4 Qe7 15. Bf3 Nf6 16. Ng2 g5 17. e3 Na6 18. b4 Rae8 19. a3 Ng4 20. Bxg4 fxg4 21. Ra2 h5 22. Raf2 Rxf2 23. Rxf2 h4 24. Qd3 hxg3 25. hxg3 Be5 26. c5 dxc5 27. bxc5 Nxc5 28. Bxc5 Qxc5 29. Qg6+ Bg7 30. Qf7+ Kh8 31. Qxd7 Re7 32. Qc8+ Kh7 33. Qf5+ Kg8 34. Ne4 1-0

[Event "Asia-ch U20"]
[Site "Jamshedpur"]
[Date "2023.09.10"]
[Round "3"]
[White "Thejas, K."]
[Black "Alekhya, Mukhopadhyay"]
[Result "0-1"]
[WhiteElo "1426"]
[BlackElo "2149"]
[PlyCount "112"]
[EventDate "2023.09.09"]
[EventType "swiss"]
[EventRounds "9"]
[EventCountry "IND"]
[SourceTitle "EXT 2024"]
[Source "ChessBase"]
[SourceDate "2023.10.10"]
[SourceVersion "1"]
[SourceVersionDate "2023.10.10"]
[SourceQuality "1"]

1. e4 c5 2. Nf3 e6 3. d4 cxd4 4. Nxd4 Nc6 5. Nc3 Qc7 6. Be2 a6 7. 0-0 Nf6 8. Kh1 Nxd4 9. Qxd4 Bc5 10. Qd3 b5 11. a3 Bb7 12. f3 h5 13. Be3 h4 14. Bxc5 Qxc5 15. h3 Nh5 16. Rfd1 Bc6 17. Qd4 Qg5 18. Qf2 Rh6 19. Bd3 Qe5 20. Ne2 Ng3+ 21. Nxg3 hxg3 22. f4 gxf2 23. fxe5 Rh5 24. Rd2 Rxe5 25. Rxf2 Bxe4 26. Re2 f5 27. Rae1 Rc5 28. Bxe4 fxe4 29. Rxe4 Rxc2 30. R1e2 Rac8 31. Rxc2 Rxc2 32. Rb4 d5 33. a4 Rc4 34. Rb3 Rxa4 35. Rc3 Rc4 36. Ra3 Rc6 37. Kg1 e5 38. Kf2 Ke7 39. Ke3 Ke6 40. Kd2 e4 41. Rg3 Kf6 42. Ke3 Rc2 43. Kd4 Rd2+ 44. Kc3 Rd1 45. Kc2 Rd4 46. b3 Rd3 47. Rxd3 exd3+ 48. Kxd3 a5 49. h4 Kf5 50. h5 Kf4 51. Kc3 Ke3 52. Kc2 d4 53. Kd1 a4 54. g4 a3 55. Kc1 d3 56. g5 d2+ 0-1

[Event "Asia-ch U20"]
[Site "Jamshedpur"]
[Date "2023.09.09"]
[Round "1"]
[White "Siddhant, Nath Jha"]
[Black "Alekhya, Mukhopadhyay"]
[Result "1-0"]
[WhiteElo "1443"]
[BlackElo "2149"]
[PlyCount "75"]
[EventDate "2023.09.09"]
[EventType "swiss"]
[EventRounds "9"]
[EventCountry "IND"]
[SourceTitle "EXT 2024"]
[Source "ChessBase"]
[SourceDate "2023.10.10"]
[SourceVersion "1"]
[SourceVersionDate "2023.10.10"]
[SourceQuality "1"]

1. e4 c5 2. Nf3 e6 3. d4 cxd4 4. Nxd4 Nc6 5. Be2 Nf6 6. Nc3 Qc7 7. 0-0 a6 8. Kh1 Bb4 9. f3 0-0 10. Bg5 Be7 11. f4 d6 12. Nf3 b5 13. a3 Bb7 14. Bd3 h6 15. Bh4 Rfe8 16. Qe1 b4 17. Nd1 bxa3 18. bxa3 Nd7 19. Ne3 Nc5 20. Qg3 Nd8 21. Nd2 Bxh4 22. Qxh4 Nxd3 23. cxd3 Qc3 24. Ndc4 d5 25. Nd6 Rf8 26. Ng4 Qxd3 27. Rf3 Qd4 28. Rg1 dxe4 29. Rg3 Kh7 30. Rh3 Ra7 31. Nxh6 Qf6 32. Qxf6 gxf6 33. Nhf5+ Kg8 34. Ne7+ Kg7 35. Rg3+ Kh7 36. Re1 f5 37. Ree3 Nc6 38. Rg5 1-0

[Event "IND-ch U19"]
[Site "Pune"]
[Date "2022.07.19"]
[Round "10"]
[White "Alekhya, Mukhopadhyay"]
[Black "Vignesh, R3333"]
[Result "0-1"]
[WhiteElo "2176"]
[BlackElo "2131"]
[PlyCount "156"]
[EventDate "2022.07.12"]
[EventType "swiss"]
[EventRounds "11"]
[EventCountry "IND"]
[SourceTitle "EXT 2023"]
[Source "ChessBase"]
[SourceDate "2022.10.05"]
[SourceVersion "1"]
[SourceVersionDate "2022.10.05"]
[SourceQuality "1"]

1. d4 Nf6 2. Bg5 d5 3. Nd2 c5 4. dxc5 Nc6 5. Ngf3 e6 6. c4 d4 7. Nb3 Bxc5 8. a3 b6 9. Nxc5 bxc5 10. b4 h6 11. Bf4 0-0 12. b5 Ne7 13. e3 Ng6 14. Bd3 Nxf4 15. exf4 a6 16. 0-0 axb5 17. cxb5 Nd5 18. g3 Nc3 19. Qc2 Bb7 20. Ne5 Qc7 21. Rfe1 Bd5 22. a4 Rfd8 23. Bc4 Bxc4 24. Nxc4 Nd5 25. a5 Nb4 26. Qe4 Nd5 27. b6 Qb7 28. Reb1 Qa6 29. Qd3 Nb4 30. Qb3 d3 31. Rd1 Rac8 32. Rd2 Rd4 33. Rc1 Nc2 34. Rxd3 Rxc4 35. Rxc2 Rxc2 36. Qxc2 Qxa5 37. b7 Qe1+ 38. Kg2 Qe4+ 39. f3 Qxb7 40. Qc4 Qb2+ 41. Kh3 Qb4 42. Qa6 Qb8 43. Rb3 Qa8 44. Qxa8 Rxa8 45. Rc3 Rc8 46. Kg2 Kf8 47. Kf2 Ke7 48. Ke3 Kd6 49. Ra3 Rc7 50. Kd3 Rb7 51. Ra8 Rb3+ 52. Kc4 Rxf3 53. Rd8+ Ke7 54. Rd2 h5 55. Kxc5 h4 56. Rg2 Kf6 57. Kd4 hxg3 58. Ke4 gxh2 59. Rxh2 Ra3 60. Rg2 g6 61. Rg5 Ke7 62. Rg1 Rb3 63. Rg2 f5+ 64. Kd4 Kf6 65. Rf2 Rb4+ 66. Ke3 e5 67. fxe5+ Kxe5 68. Ra2 f4+ 69. Kf3 Rb3+ 70. Kf2 Kf5 71. Ra1 g5 72. Ra4 Rb2+ 73. Kf1 Kg4 74. Ra3 f3 75. Ra5 Kf4 76. Rc5 g4 77. Rc1 Kg3 78. Ra1 Rh2 0-1

[Event "IND-ch U17"]
[Site "Bhubaneswar"]
[Date "2022.07.07"]
[Round "9"]
[White "Alekhya, Mukhopadhyay"]
[Black "Vengatesh Krishnan, C."]
[Result "0-1"]
[WhiteElo "2176"]
[BlackElo "1677"]
[PlyCount "111"]
[EventDate "2022.07.01"]
[EventType "swiss"]
[EventRounds "11"]
[EventCountry "IND"]
[SourceTitle "EXT 2023"]
[Source "ChessBase"]
[SourceDate "2022.10.05"]
[SourceVersion "1"]
[SourceVersionDate "2022.10.05"]
[SourceQuality "1"]

1. e4 c5 2. Nf3 d6 3. d4 cxd4 4. Nxd4 Nf6 5. Nc3 a6 6. Bg5 e6 7. f4 Be7 8. Qf3 Nbd7 9. 0-0-0 Qc7 10. Bd3 h6 11. Bh4 g5 12. fxg5 Ne5 13. Qe2 Nfg4 14. Nf3 hxg5 15. Bg3 b5 16. a3 Bb7 17. Rdf1 Qc5 18. Kb1 Qe3 19. Qd1 Qc5 20. Qe1 Rc8 21. h3 Nxf3 22. gxf3 Ne5 23. Bf2 Qc7 24. Be3 Bf6 25. Qd2 Rg8 26. Bxb5+ Ke7 27. Be2 Nc4 28. Bxc4 Qxc4 29. Rd1 d5 30. Bd4 e5 31. Bf2 d4 32. Ne2 Ke6 33. Nc1 Bc6 34. Qd3 Qxd3 35. Nxd3 Bb5 36. Rd2 Rh8 37. Bg3 Rh7 38. Rdh2 Rch8 39. Kc1 a5 40. a4 Bxd3 41. cxd3 Rb8 42. Be1 Ra8 43. Rc2 Kd6 44. Kb1 Rh6 45. Ka2 Bd8 46. b4 axb4 47. Bxb4+ Kd7 48. Kb3 Rb8 49. Rc5 Rhb6 50. Rb5 Rxb5 51. axb5 Rxb5 52. Kc4 Rb8 53. Ra1 Rb7 54. Ra8 f6 55. Bc5 Be7 56. Bxe7 0-1

[Event "Bhubaneswar op-A 13th"]
[Site "Bhubaneswar"]
[Date "2022.05.26"]
[Round "6"]
[White "Alekhya, Mukhopadhyay"]
[Black "Savchenko, Boris"]
[Result "0-1"]
[WhiteElo "2162"]
[BlackElo "2524"]
[PlyCount "90"]
[EventDate "2022.05.22"]
[EventType "swiss"]
[EventRounds "10"]
[EventCountry "IND"]
[SourceTitle "CBM 208 Extra"]
[Source "ChessBase"]
[SourceDate "2022.07.31"]
[SourceVersion "1"]
[SourceVersionDate "2022.07.31"]
[SourceQuality "1"]

1. e4 c5 2. Nf3 d6 3. d4 cxd4 4. Nxd4 Nf6 5. Nc3 a6 6. Bg5 Nbd7 7. f4 g6 8. Qe2 Bg7 9. 0-0-0 0-0 10. e5 dxe5 11. fxe5 Qa5 12. Nf3 Ng4 13. e6 Nde5 14. Bxe7 Bxe6 15. Bxf8 Rxf8 16. h3 Nc4 17. Rd4 Nxb2 18. Kxb2 Qb6+ 19. Kc1 Bxd4 20. Nxd4 Qxd4 21. Qd2 Qxd2+ 22. Kxd2 Rd8+ 23. Ke2 Bc4+ 24. Ke1 Bxf1 25. Rxf1 Ne3 26. Rf2 Rc8 27. Ne4 Nxc2+ 28. Kd2 Nb4 29. Ke3 Re8 30. g4 Re5 31. Rb2 a5 32. g5 h6 33. h4 hxg5 34. hxg5 b5 35. a3 Nc6 36. Rc2 Ne7 37. Kd4 Rd5+ 38. Ke3 Kg7 39. Rc7 Nf5+ 40. Kf4 Nd4 41. Re7 Ne6+ 42. Kg4 b4 43. axb4 axb4 44. Rb7 Rd4 45. Kf3 Rxe4 0-1

[Event "Bhubaneswar op-A 13th"]
[Site "Bhubaneswar"]
[Date "2022.05.26"]
[Round "7"]
[White "Mayank, Chakraborty"]
[Black "Alekhya, Mukhopadhyay"]
[Result "0-1"]
[WhiteElo "2015"]
[BlackElo "2162"]
[PlyCount "62"]
[EventDate "2022.05.22"]
[EventType "swiss"]
[EventRounds "10"]
[EventCountry "IND"]
[SourceTitle "CBM 208 Extra"]
[Source "ChessBase"]
[SourceDate "2022.07.31"]
[SourceVersion "1"]
[SourceVersionDate "2022.07.31"]
[SourceQuality "1"]

1. e4 c5 2. Nf3 e6 3. d4 cxd4 4. Nxd4 Nc6 5. Nc3 Qc7 6. f4 a6 7. Nxc6 bxc6 8. Bd3 d5 9. Qe2 Nf6 10. 0-0 Be7 11. b3 c5 12. exd5 exd5 13. Re1 Ra7 14. Ba3 Qa5 15. Nb5 axb5 16. Bxc5 Ne4 17. Bxb5+ Kf8 18. Bd4 Nc3 19. Qf2 Nxb5 20. Bb6 Qc3 21. Bxa7 Nxa7 22. Kh1 Nc6 23. Rad1 d4 24. f5 h5 25. Qf4 Qa5 26. Qe4 Rh6 27. f6 Rxf6 28. Rf1 Bf5 29. Qe1 Qxe1 30. Rdxe1 Bxc2 31. Rg1 d3 0-1

[Event "BAN-chT 1st League"]
[Site "Dhaka"]
[Date "2022.03.14"]
[Round "5.2"]
[White "Subhayan, Kundu"]
[Black "Alekhya, Mukhopadhyay"]
[Result "0-1"]
[WhiteElo "2324"]
[BlackElo "2010"]
[PlyCount "108"]
[EventDate "2022.03.10"]
[EventType "team-tourn"]
[EventRounds "11"]
[EventCountry "BAN"]
[SourceTitle "EXT 2023"]
[Source "ChessBase"]
[SourceDate "2022.10.05"]
[SourceVersion "1"]
[SourceVersionDate "2022.10.05"]
[SourceQuality "1"]
[WhiteTeam "Palli Sanchoy Bank"]
[BlackTeam "Dhaka CC"]
[WhiteTeamCountry "BAN"]
[BlackTeamCountry "BAN"]

1. e4 c5 2. Nf3 e6 3. d4 cxd4 4. Nxd4 Nc6 5. Nc3 Qc7 6. Be3 a6 7. g4 b5 8. Nxc6 Qxc6 9. Qd2 Bb7 10. 0-0-0 Nf6 11. f3 d6 12. Bg2 Be7 13. g5 Nd7 14. f4 Nc5 15. Qd4 Rg8 16. Rhe1 a5 17. Bf1 Ba6 18. a3 Rb8 19. b4 Na4 20. Nxa4 bxa4 21. Bxa6 Qxa6 22. c3 axb4 23. axb4 Kd7 24. Qa7+ Qxa7 25. Bxa7 Rbc8 26. Kc2 Kc6 27. Bd4 Kb5 28. h4 Rc4 29. f5 g6 30. fxe6 fxe6 31. e5 d5 32. Rf1 Bxb4 33. Kd3 Ba5 34. Rb1+ Ka6 35. Rf7 Rc7 36. Rxc7 Bxc7 37. Rf1 Rg7 38. Rf6 Re7 39. c4 Kb7 40. c5 Bb8 41. Rf8 Ba7 42. Kc3 Kc6 43. Rd8 Kb5 44. Rf8 Rc7 45. Re8 Bxc5 46. Rxe6 Bxd4+ 47. Kxd4 a3 48. Rf6 a2 49. Rf1 Ra7 50. Kxd5 a1Q 51. Rxa1 Rxa1 52. e6 Rd1+ 53. Ke5 Kc6 54. Kf6 Kd6 0-1

[Event "Dhaka Saarc op"]
[Site "Dhaka"]
[Date "2019.11.25"]
[Round "1"]
[White "Anata, Choudhury"]
[Black "Alekhya, Mukhopadhyay"]
[Result "1/2-1/2"]
[WhiteElo "2159"]
[BlackElo "1810"]
[PlyCount "61"]
[EventDate "2019.11.25"]
[EventType "swiss"]
[EventRounds "9"]
[EventCountry "BAN"]
[SourceTitle "CBM 193 Extra"]
[Source "ChessBase"]
[SourceDate "2020.01.31"]
[SourceVersion "1"]
[SourceVersionDate "2020.01.31"]
[SourceQuality "1"]

1. e4 c5 2. Nf3 e6 3. d4 cxd4 4. Nxd4 a6 5. c4 Nf6 6. Nc3 Qc7 7. Be2 Bb4 8. Nc2 Bxc3+ 9. bxc3 Qe5 10. 0-0 Nxe4 11. Bf3 0-0 12. Ba3 Re8 13. Re1 d5 14. cxd5 exd5 15. c4 f5 16. cxd5 Nd7 17. Ne3 Ndf6 18. Nc4 Qxd5 19. Bxe4 Qxd1 20. Raxd1 fxe4 21. Nb6 Bg4 22. f3 exf3 23. Nxa8 f2+ 24. Kxf2 Bxd1 25. Rxe8+ Nxe8 26. Nb6 Bg4 27. Bc5 Be6 28. a3 Nc7 29. Ke3 Nd5+ 30. Nxd5 Bxd5 31. g3 1/2-1/2

[Event "Gujarat op 2nd"]
[Site "Ahmedabad"]
[Date "2019.09.25"]
[Round "6"]
[White "Alekhya, Mukhopadhyay"]
[Black "Manush, Shah"]
[Result "0-1"]
[WhiteElo "1706"]
[BlackElo "2352"]
[PlyCount "54"]
[EventDate "2019.09.22"]
[EventType "swiss"]
[EventRounds "10"]
[EventCountry "IND"]
[SourceTitle "EXT 2020"]
[Source "ChessBase"]
[SourceDate "2019.10.17"]
[SourceVersion "1"]
[SourceVersionDate "2019.10.17"]
[SourceQuality "1"]

1. e4 c6 2. d4 d5 3. f3 dxe4 4. fxe4 e5 5. Nf3 Bg4 6. c3 Nd7 7. Bc4 Bh5 8. 0-0 Ngf6 9. Qe1 Bd6 10. Bg5 Qc7 11. Nbd2 h6 12. Bxf6 gxf6 13. d5 cxd5 14. Bxd5 f5 15. Kh1 f4 16. Qe2 0-0-0 17. Rfc1 Nf6 18. c4 Bc5 19. Nf1 Ng4 20. h3 Nf2+ 21. Kh2 Rhg8 22. N1d2 Rg3 23. Qf1 Rdg8 24. Ng1 Qe7 25. Ndf3 Bxf3 26. Nxf3 Rxf3 27. gxf3 Qh4 0-1